000 00875nam a2200229 i 4500
001 000017092
003 DO-SdBNP
005 20250130125314.0
007 ta
008 100317s1992 dr 000 0 spa d
040 _aDO-SdBNP
_bspa
_cBNPHU
049 _aBNPD
082 4 _a370.97293
_bC749p
_222
111 1 _aCongreso Nacional del Plan Decenal de Educación
_d(1992, dic. 2-3-4 :
_cSanto Domingo)
_937684
245 1 0 _aPrograma general
264 1 _aSanto Domingo :
_bSecretaría de Estado de Educación, Bellas Artes y Cultos,
_c1992.
300 _a71 páginas :
_bilustraciones ;
_c29 cm.
500 _aIncluye organigrama de la organización del congreso
650 4 _aEducación
_zRepública Dominicana
_xCongresos, conferencias, etc
_935900
710 1 _aRepública Dominicana.
_bSecretaría de Estado de Educación, Bellas Artes y Cultos
_923965
942 _2ddc
_cLBS1
999 _c16618
_d16618